| 000 | 00533nam a2200169 a 4500 | ||
|---|---|---|---|
| 001 | 000021332 | ||
| 005 | 20250120110604.0 | ||
| 008 | 100906s1954 dr 000 0 spa d | ||
| 040 |
_aDO-SdBNP _bspa _cBNPHU |
||
| 082 |
_axxx _bM722p |
||
| 100 | 1 |
_aMolina Morillo, Rafael, _d1930-1917 _937 |
|
| 245 | 1 | 3 |
_aLa prensa y la ley en Santo Domingo / _cRafael Molina Morillo. |
| 260 |
_aMadrid : _bTalleres Gráficos Cies, Hermosilla, _c1954. |
||
| 300 |
_a173 p. ; _c23 cm. |
||
| 500 | _aIncluye notas al pie de las páginas | ||
| 049 | _aBNPD | ||
| 999 |
_c20832 _d20832 |
||